000 00264nam a22001217a 4500
008 170322b xxu||||| |||| 00| 0 eng d
041 _aeng
080 _a616.8
100 _a7
101 _aSHM
245 _aTHE HUMAN BODY THE BRAIN
_cPINCHOT.R.B
942 _2udc
_cBK
999 _c8345
_d8345